| 000 | 00410nam a2200181Ia 4500 | ||
|---|---|---|---|
| 005 | 20250603145652.0 | ||
| 008 | 250603s9999 xx 000 0 und d | ||
| 020 | _a9783030023928 | ||
| 050 | _aTN 870 .O36/ | ||
| 100 | _aOkotie, Sylvester | ||
| 245 | 0 | _aReservoir Engineering | |
| 260 | _aSwitzerland | ||
| 260 | _bSpringer | ||
| 260 | _c2019 | ||
| 300 | _a16 p | ||
| 650 | _aSwitzerland | ||
| 942 | _cBK | ||
| 999 |
_c42505 _d42505 |
||